Riconosci lo Stato - Quiz n°115 - Statistics

Statistiche generali
  • Questo quiz è stato fatto 18 volte
  • Il punteggio medio è 13 su 13
Statistiche sulle risposte
Indizio Risposta % Corretto
ISU 0,593
100%
Tasso di crescita 1,40%
100%
Popolazione 16 891 245 ab.
100%
Superficie 181 035 km²
100%
PIL (nominale) 25 800 milioni di $
100%
Indipendenza dalla Francia, 9 novembre 1953
100%
Primo ministro Hun Manet
100%
Forma di Governo Monarchia parlamentare elettiva a partito egemone[
100%
Re Norodom Sihamoni
100%
Iniziale della Capitale P
100%
Valuta Riel
100%
Fuso Orario UTC+7
100%
Risposta Cambogia
93%
Nessun quiz corrispondente trovato
Distribuzione punteggi
Percentuale di utenti per punteggio
Percentile per numero di risposta
I tuoi punteggi nel tempo
Non hai fatto questo quiz